000 00435nam a2200109Ia 4500
008 171212s9999 xx 000 0 und d
020 _a9781906924874
245 _ceditor Billé, Franck;Delaplace, Grégory;Humphrey, Caroline
_aFrontier Encounters
_bKnowledge and Practice at the Russian, Chinese and Mongolian Border
260 _bOpen Book Publishers
_c2012
650 _aAnthropology
856 _uhttp://www.jstor.org/stable/j.ctt5vjss5
999 _c351579
_d351579